00380nam a2200121Ia 4500008004100000245011700041260001700158260000900175300000900184650002300193650001200216856003000228170516s9999 xx 000 0 und d 4aThe Clinical Significance and Potential Therapeutic Role of GPx3 in Tumor Recurrence after Liver Transplantation bTheranostics c2016 a6:11 xMedical Technology xMedtech uhttp://www.thno.org/v6i11